| 000 | 00516 a2200181 4500 | ||
|---|---|---|---|
| 003 | OSt | ||
| 005 | 20240205155133.0 | ||
| 008 | 240205b |||||||| |||| 00| 0 eng d | ||
| 020 | _a9789382934813 | ||
| 040 | _coclc | ||
| 082 |
_a297.63 _bKOY/N |
||
| 100 |
_a Koya, C H Muhammed _91956 |
||
| 245 |
_aNabiyum sahabimarum / _cC. H. Muhammed Koya |
||
| 250 | _a2nd ed. | ||
| 260 |
_aKozhikode: _bOlive Publications, _c2013. |
||
| 300 | _a90p. | ||
| 942 |
_2ddc _cBK _h297.63 _iKOY/N _k297.63 _mKOY/N |
||
| 999 |
_c44303 _d44303 |
||